The Karabakh file. (Record no. 54466)
[ view plain ]
| 000 -LEADER | |
|---|---|
| fixed length control field | 01003nam a22002297a 4500 |
| 003 - CONTROL NUMBER IDENTIFIER | |
| control field | SEM |
| 005 - DATE AND TIME OF LATEST TRANSACTION | |
| control field | 20220608072341.0 |
| 008 - FIXED-LENGTH DATA ELEMENTS--GENERAL INFORMATION | |
| fixed length control field | 180119b xxu||||| |||| 00| 0 eng d |
| 020 ## - INTERNATIONAL STANDARD BOOK NUMBER | |
| International Standard Book Number | 0916431266 |
| 040 ## - CATALOGING SOURCE | |
| Original cataloging agency | |
| Transcribing agency | |
| 041 0# - LANGUAGE CODE | |
| Language code of text/sound track or separate title | eng. |
| 080 ## - UNIVERSAL DECIMAL CLASSIFICATION NUMBER | |
| Universal Decimal Classification number | 947.925(K)/K-21 |
| 245 04 - TITLE STATEMENT | |
| Title | The Karabakh file. |
| Remainder of title | Documents and facts on the region of Mountainous Karabagh 1918-1988. / |
| Statement of responsibility, etc. | Edt.: G. Libaridian; Zoryan Institute for contemporary armenian research and documentation |
| 260 ## - PUBLICATION, DISTRIBUTION, ETC. | |
| Place of publication, distribution, etc. | Cambridge: |
| -- | Toronto: |
| Name of publisher, distributor, etc. | Zoryan Institute for Contemporary Armenian Research & Documentation, |
| Date of publication, distribution, etc. | 1988. |
| 300 ## - PHYSICAL DESCRIPTION | |
| Extent | XXVIII+171 p.; |
| Dimensions | 28 cm. |
| 500 ## - GENERAL NOTE | |
| General note | [History and politics - To 1917. Revolution, republic and civil war. Sovietization. From stalinism to the brezhnev era.] |
| 504 ## - BIBLIOGRAPHY, ETC. NOTE | |
| Bibliography, etc. note | Appendix p.: 167-171. |
| 650 ## - SUBJECT ADDED ENTRY--TOPICAL TERM | |
| Topical term or geographic name entry element | Nagorno-Karabakh |
| General subdivision | History |
| Chronological subdivision | 20th century |
| 700 1# - ADDED ENTRY--PERSONAL NAME | |
| Personal name | Libaridian Gerard |
| Relationship | edt. |
| 710 2# - ADDED ENTRY--CORPORATE NAME | |
| Corporate name or jurisdiction name as entry element | Zoryan Institute for Contemporary Armenian Research & Documentation, |
| 942 ## - ADDED ENTRY ELEMENTS (KOHA) | |
| Source of classification or shelving scheme | Universal Decimal Classification |
| Koha item type | Գրքեր/Books |
| Withdrawn status | Lost status | Source of classification or shelving scheme | Damaged status | Not for loan | Collection code | Home library | Current library | Date acquired | Cost, normal purchase price | Inventory number | Total Checkouts | Full call number | Barcode | Date last seen | Price effective from | Koha item type | Public note |
|---|---|---|---|---|---|---|---|---|---|---|---|---|---|---|---|---|---|
| Universal Decimal Classification | Գրապահոց | Մայր Աթոռ Սուրբ Էջմիածին «Վաչե և Թամար Մանուկյան» Մատենադարան | Մայր Աթոռ Սուրբ Էջմիածին «Վաչե և Թամար Մանուկյան» Մատենադարան | 19/01/2018 | 2000.00 | E-6504 | 947.925(K)/K-21 | E-6504 | 19/01/2018 | 19/01/2018 | Գրքեր/Books | Սպասարկվում է 30 օր | |||||
| Universal Decimal Classification | Գրապահոց | Մայր Աթոռ Սուրբ Էջմիածին «Վաչե և Թամար Մանուկյան» Մատենադարան | Մայր Աթոռ Սուրբ Էջմիածին «Վաչե և Թամար Մանուկյան» Մատենադարան | 19/01/2018 | 2000.00 | E-526 | 947.925(K)/K-21 | E-526 | 19/01/2018 | 19/01/2018 | Գրքեր/Books | Սպասարկվում է ընթերցասրահ |